000 01543cam a22003374a 4500
001 11770830
003 OSt
005 20211026125408.0
008 990817s1999 nyua b 001 0 eng
010 _a 99045872
020 _a354066470X (acidfree paper)
040 _aDLC
_cHU
_dDLC
042 _apcc
050 0 0 _aK3585
_b.O24 1999
082 _a363.738/742 URL 1999
100 1 _aOberthür, Sebastian.
_915556
245 1 4 _aThe Kyoto Protocol :
_binternational climate policy for the 21st century /
_cSebastian Oberthür, Hermann E. Ott ; in collaboration with Richard G. Tarasofsky ; foreword by Ernst Ulrich von Weizäcker.
260 _aNew York :
_bSpringer,
_c1999.
300 _axx, 359 p. :
_bill. ;
_c25 cm.
504 _aIncludes bibliographical references (p. [337]-352) and index.
650 0 _aGreenhouse gases
_xLaw and legislation.
_915557
650 0 _aGlobal warming
_xLaw and legislation.
_915558
650 0 _aClimatic changes
_xResearch
_xLaw and legislation.
_915559
650 0 _aEnvironmental law, International.
_97504
700 1 _aOtt, Hermann,
_d1961-
_915560
856 4 2 _3Publisher description
_uhttp://www.loc.gov/catdir/enhancements/fy0816/99045872-d.html
856 4 1 _3Table of contents only
_uhttp://www.loc.gov/catdir/enhancements/fy0816/99045872-t.html
906 _a7
_bcbc
_corignew
_d1
_eocip
_f19
_gy-gencatlg
942 _2ddc
_cBOOKS
_n0
999 _c14978
_d14978